Nombre 15 - Culture générale - Statistiques

Statistiques générales
  • Ce quiz a été pris 1 940 fois
  • Le résultat moyen est 7 sur 15
Statistiques - réponses
Indice Réponse % Correct
Autre dénomination pour désigner 15 minutes Quart d'heure
97%
En France, service sur lequel on tombe lorsque l'on appelle le 15 sur notre téléphone SAMU
93%
Sport se jouant à 15 par équipe Rugby
90%
Sport dans lequel un point marqué se dit "15" Tennis
83%
Club de football ayant remporté le plus de Ligue des Champions, 15 au total Real Madrid
75%
Fêtée le 15 août en France, elle donne lieu à un jour férié Assomption
60%
Nom donné aux titres de presse écrite paraissant tous les 15 jours Bimensuel
57%
Sport dans lequel les assauts se déroulent en 15 touches Escrime
46%
Série télévisée qui en est à son 15ème docteur Doctor Who
41%
Pays rejoignant l'Union européenne avec la Suède et la Finlande en 1995 pour créer l'Europe des 15 Autriche
27%
Œuvre littéraire de Robert Louis Stevenson dans laquelle est créée la chanson Quinze Marins, reprise dans Tintin et Pirates des Caraïbes L'île au trésor
21%
Plus grande des 15 îles du Ponant, devant Yeu et Ouessant Belle-Île-en-Mer
19%
La manière dont se nomme un bouteille de 15L d'alcool Nabuchodonosor
17%
Jeu solitaire où l'on fait coulisser 15 petits carreaux afin de les replacer dans le bon ordre Taquin
7%
Chef cuisinier britannique et animateur de télévision dans Naked Chef ayant le Fifteen comme restaurant le plus célèbre Jamie Oliver
6%
Aucun quiz correspondant
Distribution des résultats
% des personnes avec chaque résultat
Percentile par nombre de réponses
Votre historique - résultats
Vous n’avez pas pris ce quiz